| 000 | 00525cam a2200193 4500 | ||
|---|---|---|---|
| 001 | 2620 | ||
| 005 | 20181127165359.0 | ||
| 008 | 070313s2008 ohua 001 0 eng | ||
| 010 | _a 2007924707 | ||
| 020 | _a0759395462 | ||
| 020 | _a9780759395466 | ||
| 100 | 1 | _aGottheil, Fred M. | |
| 245 | 1 | 0 |
_aPrinciples of macroeconomics / _cFred M. Gottheil. |
| 250 | _a5th ed. | ||
| 260 |
_aMason, OH : _bThomson, _cc2008. |
||
| 300 |
_axxxii, 463 p. : _bcol. ill. ; _c28 cm. |
||
| 500 | _aIncludes index. | ||
| 650 | 0 | _aMacroeconomics. | |
| 999 |
_c2084 _d2084 |
||